Skep Tik/ (Record no. 208093)

MARC details
000 -LEADER
fixed length control field 00513nam a22001817a 4500
005 - DATE AND TIME OF LATEST TRANSACTION
control field 20250106162940.0
010 ## - LCCN (DPL NO)
LC control number ENG-143170
020 ## - INTERNATIONAL STANDARD BOOK NUMBER
International Standard Book Number 9789390670925
Terms of availability 250.00
035 ## - SYSTEM CONTROL NUMBER
System control number EN-126702
037 ## - SOURCE OF ACQUISITION
Source of stock number/acquisition DBAD
082 ## - DEWEY DECIMAL CLASSIFICATION NUMBER
Classification number 881
100 ## - MAIN ENTRY--PERSONAL NAME
Personal name Anand, Jernail Singh
245 ## - TITLE STATEMENT
Title Skep Tik/
Statement of responsibility, etc by Jernail Singh Anand
260 ## - PUBLICATION, DISTRIBUTION, ETC. (IMPRINT)
Place of publication, distribution, etc Gurugram
Name of publisher, distributor, etc Earth Vision Publications
Date of publication, distribution, etc 2024
270 ## - ADDRESS
Address H-23/16, DLF Phase-1
City Gurugram
Postal code 122002
300 ## - PHYSICAL DESCRIPTION
Extent 63p.
Dimensions 21cm(hbk)
942 ## - ADDED ENTRY ELEMENTS (KOHA)
Source of classification or shelving scheme Dewey Decimal Classification
Item type English Books
Call number suffix ANA
Classification part 881
Holdings
Withdrawn status Lost status Not for loan Collection code Home library Current library Date acquired Source of acquisition Cost, normal purchase price Full call number Barcode Copy number Cost, replacement price Koha item type
      Non-fiction Kadipur Kadipur 06/01/2025 Delivery of Books Division 250.00 ANA 881 EN-126702 1 250.00 English Books

© Delhi Public Library
Hit Counter
free hit counter